Slovenčina pre zahraničných študentov 2

Enregistré dans:
Détails bibliographiques
Auteur principal: Gašparíková, Štefánia
Autres auteurs: Bobaľová, Emília, 1931-
Format: Livre
Langue:slovaque
Publié: Bratislava VŠE 1989
Édition:2. vyd.
Tags: Ajouter un tag
Pas de tags, Soyez le premier à ajouter un tag!

MARC

LEADER 00000nam a2200000 4500
001 c036580
005 20221215071459.8
041 0 |a slo 
044 |a SK 
245 1 0 |a Slovenčina pre zahraničných študentov 2  |c Štefánia Gašparíková, Emília Bobaľová 
250 |a 2. vyd. 
264 1 |a Bratislava  |b VŠE  |c 1989 
300 |a 182 s. 
100 1 |a Gašparíková, Štefánia 
700 1 |a Bobaľová, Emília, 1931-